Statistics for Actors with at least Five Oscar Nominations

Click here to take the quiz!

General Stats

  • This quiz has been taken 577 times
  • The average score is 13 of 26

Answer Stats

HintAnswer% Correct
7Won 1 Best Actor, 1 Supporting Actor. "You talkin' to me?"Robert De Niro
90%
12Won 2 Best Actor, 1 Supporting ActorJack Nicholson
87%
8(in)Famously refused 1 of 2 Best Actor AwardsMarlon Brando
87%
5Won 2 Best Actor back to backTom Hanks
82%
8Won 1 Best ActorAl Pacino
78%
5Won 3 Best Actor, highest winning percentage of any actorDaniel Day-Lewis
72%
72 Best Actor, and also appeared in one of the biggest bombs of all timeDustin Hoffman
63%
9Won 1 Best Actor, recieved 1 honorary, and 1 Jean Hersholt Humanitarian Award. Food productsPaul Newman
60%
9All nominations as Best Actor, won 2, one after his deathSpencer Tracy
57%
6Won 1 Best Actor, 1 Supporting Actor, nominated in the 80s, 90s, 2000s, and 2010sDenzel Washington
54%
5Won 1 Best Actor, received honorary award as well, friend of HarveyJames Stewart
54%
8All nominations as Best Actor, Never won, received honorary awardPeter O'Toole
54%
8Won 1 Best Actor, 1 Supporting Actor. "I'm a man!" "Well, nobody's perfect."Jack Lemmon
53%
5Won 1 Supporting Actor, great voice for frequent narrator work as wellMorgan Freeman
51%
7Never won, much to his wife's displeasure even though she won 2Richard Burton
46%
5Won 2 Best Actor, and received honorary award. Started in Silents, became a star for roughly two minute performance in his first talkie "Wings."Gary Cooper
45%
5Won 2 Best Actor, formerlly married to a well known singerSean Penn
44%
10Won 1 Best Actor, received 2 special OscarsLawrence Olivier
42%
6Nominated and Won Supporting Actor twice, Nominated and Lost Best Actor 4 timesMichael Caine
42%
5Won 1 Best Actor, also received Jean Hersholt Humanitarian Award. "Jean Louise, stand up. Your father's passing".Gregory Peck
40%
5Won 1 Best Actor, 1 Supporting Actor, roomate of two of the guys above. "I was going to make expresso!"Gene Hackman
39%
6Won 1 Best Actor, his brother has actually won more Golden Globes and EmmysJeff Bridges
35%
71 Best Actor, roomate of next guy on the list, current wife more than 40 years his juniorRobert Duvall
33%
5Won 2 Best Actor, 1st for a Horror Movie, also won 2 Tonys, and no "k" on the first name please as 12 is lucky and 13 is notFredric March
24%
5Has never won, and never appeared at Oscar CeremonyAlbert Finney
9%
5Never won, all nominations came in 1950s, primarily a supporting actorArthur Kennedy
7%

Score Distribution

Percentile by Number Answered

Percent of People with Each Score

Your Score History

You have not taken this quiz